| 000 | 00488cam a22001933 4500 | ||
|---|---|---|---|
| 001 | 42772 | ||
| 010 | _a9727110789 | ||
| 090 | _a42772 | ||
| 100 | _a19961216d1996 m y0pory5003 ba | ||
| 102 | _aPT | ||
| 200 | 1 |
_aO monte cinco _fPaulo Coelho |
|
| 205 | _a1.ยช ed. | ||
| 210 | 9 |
_aLisboa _cPergaminho, _d1996 |
|
| 215 |
_a242, [6] p. _d24 cm |
||
| 225 | 2 | _aObras de Paulo Coelho | |
| 675 |
_a821.134.3(81)-31"19/20" _vBN _zpor |
||
| 700 | 1 |
_aCoelho, _bPaulo, _f1947- |
|
| 801 | 0 |
_aPT _bBN _gRPC |
|
| 990 | _cLIVROS | ||